Giáo trình đại số tuyến tính và hình học giải tích ( Dùng cho sinh viên các ngành toán học, cơ học, toán tin ứng dụng )

Guardat en:
Dades bibliogràfiques
Autor principal: Trần Trọng Huệ
Format: Llibre
Idioma:Undetermined
Publicat: H. ĐHQG 2003
Matèries:
Etiquetes: Afegir etiqueta
Sense etiquetes, Sigues el primer a etiquetar aquest registre!
Thư viện lưu trữ: Trung tâm Học liệu Trường Đại học Cần Thơ
LEADER 00635nam a2200181Ia 4500
001 CTU_55575
008 210402s9999 xx 000 0 und d
020 |b 21500 
082 |a 512.5 
082 |b H507/T1 
100 |a Trần Trọng Huệ 
245 0 |a Giáo trình đại số tuyến tính và hình học giải tích ( Dùng cho sinh viên các ngành toán học, cơ học, toán tin ứng dụng ) 
245 0 |c Trần Trọng Huệ 
260 |a H. 
260 |b ĐHQG 
260 |c 2003 
650 |a algebras, linear,geometry, analytic 
980 |a Trung tâm Học liệu Trường Đại học Cần Thơ